| 000 | 00789nam a22002177a 4500 | ||
|---|---|---|---|
| 005 | 20240530110440.0 | ||
| 008 | 150419s2011 xxuao g 000 e eng d | ||
| 017 |
_a2010/15343 _bمصر . دار الكتب المصرية |
||
| 020 | _a8799774276208 | ||
| 040 | _aEG-CaGPL | ||
| 082 | 0 | 4 |
_221 _a814.80355 _bق/إ أ |
| 100 | 0 | _aايهاب قاسم | |
| 245 | 1 | 2 |
_aالاولة مصر : _bعن هوية مصر و مستقبلها / _cايهاب قاسم |
| 250 | _aط2 | ||
| 260 |
_aالقاهرة : _bالدار المصرية اللبنانية ، _c2011. |
||
| 300 |
_a191 ص : _bصور ؛ _c19 سم. |
||
| 651 | 0 | 4 |
_aمصر _xالاحوال الاجتماعية |
| 651 | 0 | 4 |
_aمصر _xمقالات و محاضرات |
| 942 |
_2ddc _cBK |
||
| 999 |
_c61021 _d61021 |
||